Sports Quiz

Random Sports or Cricket Quiz

Highest Test innings score as night watchman Quiz Stats

 Plays Quiz not verified by Sporcle

Score 0/14 Timer 10:00
0 Plays Today
Country; Score Player % Correct
Australia; 201*Jason Gillespie
97.2%
England; 99*Alex Tudor
62%
South Africa; 125Mark Boucher
54.6%
South Africa; 108Mark Boucher
54.6%
South Africa; 85Nicky Boje
36.1%
England; 98Harold Larwood
25%
England; 94Jack Russell
21.3%
Country; Score Player % Correct
Australia; 85Ian Healy
21.3%
India; 101*Syed Kirmani
15.7%
England; 98Eddie Hemmings
13.9%
Australia; 87Peter Taylor
13.9%
Australia; 105Tony Mann
13%
Pakistan; 85Wasim Bari
12%
Pakistan; 101Nasim Ul Ghani
7.4%

You're not logged in!

Compare scores with friends on all Sporcle quizzes.
OR
Log In

Show Comments

Extras

Created Feb 14, 2014SourceReportNominate
Tags:Cricket Quiz

Top Quizzes Today


Score Distribution

Your Account Isn't Verified!

In order to create a playlist on Sporcle, you need to verify the email address you used during registration. Go to your Sporcle Settings to finish the process.

Report this User

Report this user for behavior that violates our Community Guidelines.

Details: